Statistiken für Theorieprüfung Führerschein

Klicken Sie hier um das Quiz zu spielen!

Allgemein

  • Dieses Quiz wurde 850 mal gespielt
  • Das Durchschnittsergebnis liegt bei 14 aus 18

Antwortstatistiken

FrageAntwort% Korrekt
Eine Person am Straßenrand trägt eine gelbe Armbinde mit drei schwarzen Punkten. Worauf weist diese Armbinde hin?Auf eine Person mit Behinderung
97%
Wie können Sie beim Fahren gefahrlos feststellen, ob die Fahrbahn vereist ist?Bei ganz langsamer Fahrt bremsen
95%
Auf einer stark befahrenen Straße mit mehreren Fahrstreifen haben Sie sich zum Linksabbiegen eingeordnet. Sie möchten nun stattdessen nach rechts abbiegen. Wie verhalten Sie sich?Ich biege links ab
94%
Wodurch lässt sich die Fahrtüchtigkeit nach übermäßigem Alkoholkonsum kurzfristig wiederherstellen?Durch gar nichts
92%
Welchen Seitenabstand müssen Sie beim Überholen von Fußgängern und Radfahrern einhalten?Innerorts mind. 1,5 Meter Abstand
92%
Was dürfen Sie am amtlichen Kennzeichen verändern?gar nichts
90%
Sie fahren auf einer Straße mit zwei Fahrstreifen in einer Richtung auf dem linken Fahrstreifen. Vor einem ca. 30 m entfernten Fußgängerüberweg hält auf dem rechten Fahrstreifen ein Lkw an. Wie verhalten Sie sich?Ich fahre mit mäßiger Geschwindigkeit heran
89%
An welchen Stellen ohne vorfahrtregelnde Verkehrszeichen gilt die Regel „rechts vor links“?An Straßenkreuzungen und -einmündungen
88%
Im Gegenverkehr auf derselben Fahrbahn hält ein Linienbus mit eingeschalteter Warnblinkanlage an einer Haltestelle. Wie verhalten Sie sich?Auf Schrittgeschwindigkeit abbremsen
84%
Wo können Sie Ihr Gepäck unterbringen, um den Kraftstoffverbrauch nicht unnötig zu erhöhen?Im Kofferraum
82%
Auf einer Autobahn mit 3 Fahrstreifen hat sich ein Stau gebildet. Wo ist die Gasse für Rettungsfahrzeuge zu bilden?Zwischen dem linken und dem mittleren Fahrstreifen
81%
Wann ist ein Drogenabhängiger zum Führen von Kraftfahrzeugen wieder geeignet?Erst wenn er mindestens 1 Jahr lang nachweisbar drogenfrei ist und zu erwarten ist, dass er nicht rückfällig wird
78%
Sie fahren mit 80 km/h hinter einem Auto her. Welchen Sicherheitsabstand müssen Sie mindestens einhalten?Einen "2-Sekunden-Abstand"
72%
Womit ist bei Dunkelheit eine Ladung zu kennzeichnen, die mehr als 1 m über die Rückstrahler des Fahrzeugs hinausragt?Mit roter Leuchte und rotem Rückstrahler
62%
Eine Parkuhr ist noch nicht abgelaufen. Wie verhalten Sie sich? Sie dürfen die Restparkzeit- ausnutzen, ohne die Parkuhr erneut zu betätigen
56%
Sie kommen als Erster an eine Unfallstelle mit Verletzten. In welcher Reihenfolge gehen Sie vor?Unfallstelle absichern - Erste Hilfe leisten - Rettungsdienst alarmieren
55%
Wie weit vor und hinter einem Haltestellenschild dürfen Sie nicht parken?Jeweils 15 Meter
54%
Sie fahren mit 30 km/h. Dabei beträgt der Bremsweg bei einer normalen Bremsung 9 Meter nach der Faustformel. Wie lang ist der Bremsweg unter gleichen Bedingungen bei 60 km/h?36 Meter
43%

Verteilung der Resultate

Perzentil nach korrekt beantworteten Fragen

Anzahl Personen mit jedem Resultat

Ihre Resultats-Entwicklung

Sie haben dieses Quiz noch nicht gespielt